|
|
|
|
| LEADER |
00857nam a22002657a 4500 |
| 001 |
27001 |
| 003 |
BD-DhAAL |
| 005 |
20141203112103.0 |
| 008 |
141203s2000 ja ||||| b||| 00| 0 eng d |
| 020 |
|
|
|a 1345-7594
|
| 040 |
|
|
|a BD-DhAAL
|c BD-DhAAL
|
| 082 |
|
|
|2 22
|a 363.7
|
| 999 |
|
|
|c 33194
|d 33194
|
| 999 |
|
|
|c 33194
|
| 999 |
|
|
|c 33192
|
| 245 |
|
|
|a International review for environmental strategies
|
| 260 |
|
|
|a Kanagawa :
|b Institute of Global Environmental Strategies (IGES),
|c 2000
|
| 300 |
|
|
|a 215 p. ;
|c 30 cm.
|
| 310 |
|
|
|a Inaugural issue
|
| 362 |
|
|
|a Volume 1, Number 1
|
| 541 |
|
|
|e 27001
|
| 650 |
|
|
|a Environmental policy
|9 6457
|
| 852 |
|
|
|a Ayesha Abed Library
|c General Stacks
|
| 942 |
|
|
|2 ddc
|c BK
|
| 952 |
|
|
|0 0
|1 0
|2 ddc
|4 0
|6 363_700000000000000_INT
|7 0
|9 44308
|a BRACUL
|b BRACUL
|c GEN
|d 2014-12-03
|l 0
|o 363.7 INT
|p 3010027001
|r 2014-12-03
|t 1
|w 2014-12-03
|y BK
|